000 00383nam a22001217a 4500
082 _a200 THE
100 _aMehwish Naseer
_915499
245 _aTH-SOF-1073-Risk Assessment for Agile Outsourced Software Development Using ANP
260 _aISLAMABAD
_bNUST COLLEGE OF EME
_c2001
650 _aMS-CSE-10 MSTHESIS
_970287
700 _aSUPERVISOR Dr. Aasia Khanum
_970573
942 _cCF
999 _c577619
_d577619